中小私鉄・第3セクターが管轄する地下駅 - Statistics

General Stats
  • This quiz has been taken 132 times
  • The average score is 24 of 51
Answer Stats
Answer % Correct
長野
70%
天王洲アイル
65%
大井町
64%
品川シーサイド
63%
国際展示場
61%
東京テレポート
61%
秋葉原
59%
善光寺下
59%
浅草
58%
新御徒町
57%
南千住
56%
六町
56%
つくば
56%
市役所前
56%
青井
55%
鳩ヶ谷
54%
戸塚安行
53%
東川口
53%
東葉勝田台
52%
川口元郷
51%
天空橋
49%
新整備場
49%
南鳩ヶ谷
49%
新井宿
49%
権堂
49%
羽田空港第1ターミナル
49%
羽田空港第2ターミナル
49%
みなとみらい
48%
元町・中華街
47%
東海神
47%
北習志野
47%
日本大通り
46%
南流山
46%
新高島
45%
本通
45%
馬車道
44%
船橋日大前
44%
湊川
44%
みらい平
43%
北鉄金沢
43%
県庁前
40%
筒石
39%
藤が丘
39%
美佐島
36%
矢切
35%
千里中央
33%
西代
33%
板宿
29%
箕面船場阪大前
28%
湯西川温泉
21%
城北
21%
No matching quizzes found
Score Distribution
Percent of People with Each Score
Percentile by Number Answered
Your Score History
You have not taken this quiz